Visualizzazione normale
Vista MARC
- Biblia.
di Uniform Title
Records bibliografici associati: 1
001 - CONTROL NUMBER
- control field: 58377
003 - CONTROL NUMBER IDENTIFIER
- control field:
005 - DATE AND TIME OF LATEST TRANSACTION
- control field: 20200829191551.0
008 - FIXED-LENGTH DATA ELEMENTS
- fixed length control field: 200829|| aca||aabn | a|a d
040 ## - CATALOGING SOURCE
- Original cataloging agency:
- Transcribing agency:
130 ## - HEADING--UNIFORM TITLE
- Uniform title: Biblia.
- Name of part/section of a work: N.T.
- Name of part/section of a work: Evang. sec. Iohannem.
- Name of part/section of a work: 11-21
- General subdivision: Commenti italiano
670 ## - SOURCE DATA FOUND
- Source citation: Work cat.: ()0: Giovanni 11-21 /